[Event "IECG TE.2003.S.01304 email"]
[Site "IECG email"]
[Date "2005.05.14"]
[Round "?"]
[White "Nasman, Per"]
[Black "Turko, Sergey Ivanovich"]
[Result "1/2-1/2"]
[WhiteElo "2370"]
[BlackElo "2104"]
[PlyCount "61"]
[EventDate "2005.01.21"]
[EventType "tourn (corr)"]
[EventRounds "12"]
[SourceTitle "Corr 2008"]
[Source "ChessBase"]
[SourceDate "2008.06.24"]
[SourceVersion "1"]
[SourceVersionDate "2008.06.24"]
[SourceQuality "1"]

1. e4 c5 2. Nf3 Nc6 3. d4 cxd4 4. Nxd4 Nf6 5. Nc3 e6 6. Ndb5 d6 7. Bf4 e5 8. Bg5 a6 9. Na3 b5 10. Nd5 Qa5+ 11. Bd2 Qd8 12. c4 Nxe4 13. cxb5 Be6 14. Bc4 Ne7 15. 0-0 Bxd5 16. Bxd5 Nxd5 17. Ba5 Nb6 18. Bxb6 Qxb6 19. Qd5 Rb8 20. Qxe4 axb5 21. Rfd1 Be7 22. Rd5 Qc6 23. Re1 Qa6 24. Qd3 0-0 25. Ra1 e4 26. Qxe4 Bf6 27. Qe2 Rfe8 28. Rxb5 h6 29. Qf1 Qa8 30. Rxb8 Rxb8 31. Nb5 1/2-1/2

[Event "IECG TE.2005.S.01304"]
[Site "IECG email"]
[Date "2005.01.21"]
[Round "?"]
[White "Bardos, Istvan"]
[Black "Nasman, Per"]
[Result "1/2-1/2"]
[WhiteElo "2243"]
[BlackElo "2370"]
[PlyCount "80"]
[EventDate "2005.01.21"]
[EventType "tourn (corr)"]
[EventRounds "8"]
[SourceTitle "Corr 2008"]
[Source "ChessBase"]
[SourceDate "2008.06.24"]
[SourceVersion "1"]
[SourceVersionDate "2008.06.24"]
[SourceQuality "1"]

1. e4 c5 2. Nf3 Nc6 3. d4 cxd4 4. Nxd4 Nf6 5. Nc3 e6 6. Ndb5 d6 7. Bf4 e5 8. Bg5 a6 9. Na3 b5 10. Bxf6 gxf6 11. Nd5 f5 12. Bd3 Be6 13. Qh5 Rg8 14. g3 Nd4 15. c3 fxe4 16. Bxe4 Bg4 17. Qxh7 Rg7 18. Qh6 Nf3+ 19. Ke2 Ng5+ 20. f3 Nxe4 21. fxg4 Qc8 22. Qe3 Qxg4+ 23. Qf3 Qxf3+ 24. Kxf3 f5 25. Nc2 Kf7 26. Nce3 Nf6 27. a4 Nxd5 28. Nxd5 Ke6 29. Rhd1 Raa7 30. b4 Rh7 31. Kg2 Bh6 32. axb5 axb5 33. Ra5 Bg5 34. h4 Rxa5 35. bxa5 Bd8 36. a6 Ra7 37. Nb4 Ba5 38. Ra1 Bxb4 39. cxb4 d5 40. g4 fxg4 1/2-1/2

[Event "IECG TE.2003.S.01304 email"]
[Site "IECG email"]
[Date "2005.01.21"]
[Round "?"]
[White "Eacker, Barry"]
[Black "Nasman, Per"]
[Result "1/2-1/2"]
[WhiteElo "1568"]
[BlackElo "2370"]
[PlyCount "43"]
[EventDate "2005.01.21"]
[EventType "tourn (corr)"]
[EventRounds "12"]
[SourceTitle "Corr 2008"]
[Source "ChessBase"]
[SourceDate "2008.06.24"]
[SourceVersion "1"]
[SourceVersionDate "2008.06.24"]
[SourceQuality "1"]

1. e4 c5 2. Nf3 Nc6 3. d4 cxd4 4. Nxd4 Nf6 5. Nc3 e6 6. Ndb5 d6 7. Bf4 e5 8. Bg5 a6 9. Na3 b5 10. Nd5 Be7 11. Bxf6 Bxf6 12. c3 0-0 13. Nc2 Bg5 14. a4 bxa4 15. Rxa4 Bb7 16. Bc4 Na5 17. Ba2 Bc6 18. Ra3 Bb5 19. h4 Bh6 20. Nce3 Bxe3 21. Nxe3 Rc8 22. Qg4 1/2-1/2

[Event "IECG TE.2003.S.01304 email"]
[Site "IECG email"]
[Date "2005.01.21"]
[Round "?"]
[White "Ling, Anthony J"]
[Black "Nasman, Per"]
[Result "0-1"]
[WhiteElo "1721"]
[BlackElo "2370"]
[PlyCount "106"]
[EventDate "2005.01.21"]
[EventType "tourn (corr)"]
[EventRounds "12"]
[SourceTitle "Corr 2008"]
[Source "ChessBase"]
[SourceDate "2008.06.24"]
[SourceVersion "1"]
[SourceVersionDate "2008.06.24"]
[SourceQuality "1"]

1. e4 c5 2. Nf3 Nc6 3. d4 cxd4 4. Nxd4 Nf6 5. Nc3 e6 6. Ndb5 d6 7. Bf4 e5 8. Bg5 a6 9. Na3 b5 10. Bxf6 gxf6 11. Nd5 f5 12. exf5 Bxf5 13. Qf3 Nd4 14. Nc7+ Qxc7 15. Qxa8+ Ke7 16. c3 b4 17. cxb4 Qb6 18. Bxa6 Qxb4+ 19. Kf1 Qd2 20. h3 Bd3+ 21. Bxd3 Qxd3+ 22. Kg1 Bh6 23. Qb7+ Kf6 24. g3 d5 25. Kh2 Nf3+ 26. Kg2 Qe4 27. Kf1 Nh4 28. Qa6+ Kg7 29. Rg1 Nf3 30. Qe2 Nh2+ 31. Ke1 Qb4+ 32. Kd1 e4 33. f4 exf3 34. Qe5+ Kg6 35. Qc3 f2 36. Rh1 Qxc3 37. bxc3 f1Q+ 38. Rxf1 Nxf1 39. Nb5 Nxg3 40. a4 Ra8 41. a5 Bf4 42. a6 Ne4 43. a7 Be5 44. Kc2 f5 45. Rd1 f4 46. Rxd5 f3 47. Rd1 Kf5 48. c4 Kf4 49. Rf1 Nd6 50. Kd3 Nxb5 51. cxb5 Rxa7 52. b6 Ra1 53. Rf2 Kg3 0-1

[Event "IECG TE.2003.P.01308 email"]
[Site "IECG email"]
[Date "2003.11.11"]
[Round "1"]
[White "Lahdenmaeki, Leo"]
[Black "Nasman, Per"]
[Result "0-1"]
[WhiteElo "1699"]
[BlackElo "2370"]
[PlyCount "84"]
[EventDate "2003.11.11"]
[EventType "tourn (corr)"]
[EventRounds "12"]
[SourceTitle "Corr 2024"]
[Source "ChessBase"]
[SourceDate "2023.10.19"]
[SourceVersion "1"]
[SourceVersionDate "2023.10.19"]
[SourceQuality "1"]

1. e4 c5 2. Nf3 Nc6 3. d4 cxd4 4. Nxd4 Nf6 5. Nc3 e6 6. Ndb5 d6 7. Bf4 e5 8. Bg5 a6 9. Na3 b5 10. Nd5 Be7 11. Bxf6 Bxf6 12. c3 0-0 13. Nc2 Bg5 14. a4 bxa4 15. Rxa4 a5 16. Bc4 Rb8 17. Ra2 Kh8 18. Nce3 Bxe3 19. Nxe3 Ne7 20. 0-0 f5 21. exf5 Nxf5 22. Nd5 Bb7 23. b3 Rc8 24. Qd2 Nh4 25. Rd1 Rc5 26. Ra4 Nxg2 27. Kxg2 Qh4 28. f3 e4 29. Kh1 exf3 30. Bd3 Qh3 31. c4 f2 32. Bf1 Qf3+ 33. Bg2 Qxb3 34. Rda1 Rxc4 35. Rxa5 Rc2 36. Qd4 Re2 37. Rf1 Re1 38. Ra1 Rxa1 39. Rxa1 Bxd5 40. Bxd5 f1Q+ 41. Rxf1 Rxf1+ 42. Kg2 Qd1 0-1

[Event "IECG TE.2003.P.01308 email"]
[Site "IECG email"]
[Date "2003.11.11"]
[Round "2"]
[White "Nasman, Per"]
[Black "Richards, James"]
[Result "1-0"]
[WhiteElo "2370"]
[BlackElo "600"]
[PlyCount "41"]
[EventDate "2003.11.11"]
[EventType "tourn (corr)"]
[EventRounds "12"]
[SourceTitle "Corr 2024"]
[Source "ChessBase"]
[SourceDate "2023.10.19"]
[SourceVersion "1"]
[SourceVersionDate "2023.10.19"]
[SourceQuality "1"]

1. e4 c5 2. Nf3 Nc6 3. d4 cxd4 4. Nxd4 Nf6 5. Nc3 e6 6. Nxc6 dxc6 7. Qxd8+ Kxd8 8. Bf4 Bd7 9. Rd1 Bb4 10. f3 b5 11. Be5 Ke7 12. a3 Bxc3+ 13. bxc3 a5 14. Bd6+ Ke8 15. c4 bxc4 16. Bxc4 Kd8 17. Kf2 Ne8 18. Be5 f6 19. Bxe6 Ra7 20. Bd4 Rb7 21. Bc5 1-0

[Event "IECG CP.1997.F.00001"]
[Site "IECG email"]
[Date "2000.??.??"]
[Round "?"]
[White "Fenghan, Rex"]
[Black "Nasman, Per"]
[Result "0-1"]
[WhiteElo "2051"]
[BlackElo "2374"]
[PlyCount "86"]
[EventDate "2000.02.01"]
[EventType "tourn (corr)"]
[EventRounds "7"]
[SourceTitle "Corr 2008"]
[Source "ChessBase"]
[SourceDate "2008.06.24"]
[SourceVersion "1"]
[SourceVersionDate "2008.06.24"]
[SourceQuality "1"]

1. e4 e5 2. Nf3 Nc6 3. Bc4 Nf6 4. Ng5 d5 5. exd5 b5 6. Qe2 bxc4 7. dxc6 Qd5 8. f4 h6 9. Nc3 Qxc6 10. fxe5 Nd5 11. Qf3 hxg5 12. Qxd5 Bb7 13. Qxc6+ Bxc6 14. 0-0 Bc5+ 15. Kh1 0-0-0 16. d3 cxd3 17. Bxg5 Rd4 18. cxd3 Rg4 19. Ne4 Bxe4 20. dxe4 Rxg5 21. Rxf7 Rxe5 22. Rxg7 Rxe4 23. Rc1 Bd6 24. h3 Re2 25. Rg6 Kd7 26. Rg7+ Ke6 27. Rg6+ Kf5 28. Rg4 Rxb2 29. a4 Rhb8 30. Rf1+ Ke6 31. Re1+ Kd7 32. Rg7+ Kc6 33. Rc1+ Kb6 34. Rg4 a5 35. Kg1 Ka6 36. Rc6+ R8b6 37. Rxb6+ Kxb6 38. Rg6 Rb4 39. g4 Rxa4 40. h4 Rb4 41. Kf2 a4 42. Rg8 a3 43. Ra8 Rxg4 0-1

[Event "IECG WC.2002.S.00010 email"]
[Site "IECG email"]
[Date "2000.??.??"]
[Round "?"]
[White "Nasman, Per"]
[Black "Ingersol, Harry"]
[Result "0-1"]
[WhiteElo "2376"]
[BlackElo "2343"]
[PlyCount "35"]
[EventDate "2000.03.10"]
[EventType "tourn (corr)"]
[EventRounds "8"]
[SourceTitle "Corr 2008"]
[Source "ChessBase"]
[SourceDate "2008.06.24"]
[SourceVersion "1"]
[SourceVersionDate "2008.06.24"]
[SourceQuality "1"]

1. e4 c5 2. Nf3 d6 3. d4 cxd4 4. Nxd4 Nf6 5. Nc3 a6 6. f4 Qc7 7. Qf3 g6 8. Be3 b5 9. Bd3 Bb7 10. g4 b4 11. Nce2 Bg7 12. a3 bxa3 13. Rxa3 0-0 14. 0-0 Nfd7 15. Rc3 Qd8 16. Rb3 Qc8 17. Rc3 Qd8 18. Rb3 0-1

[Event "IECG CP.1997.F.00001"]
[Site "IECG email"]
[Date "2000.??.??"]
[Round "?"]
[White "Nasman, Per"]
[Black "Siefring, Carl L"]
[Result "0-1"]
[WhiteElo "2374"]
[BlackElo "2127"]
[PlyCount "43"]
[EventDate "2000.02.01"]
[EventType "tourn (corr)"]
[EventRounds "7"]
[SourceTitle "Corr 2008"]
[Source "ChessBase"]
[SourceDate "2008.06.24"]
[SourceVersion "1"]
[SourceVersionDate "2008.06.24"]
[SourceQuality "1"]

1. e4 c5 2. c3 d5 3. exd5 Qxd5 4. d4 Nf6 5. Nf3 Bg4 6. Be2 e6 7. Na3 Nc6 8. h3 Bh5 9. Be3 cxd4 10. Nb5 Rc8 11. Nbxd4 a6 12. 0-0 Nxd4 13. Bxd4 Bc5 14. Qa4+ Qd7 15. Qxd7+ Kxd7 16. Rad1 Ke7 17. g4 Bg6 18. g5 Nh5 19. Ne5 Rhd8 20. Nxg6+ hxg6 21. Bxh5 Bxd4 22. Bxg6 0-1

[Event "IECG CP.1999.P.00013"]
[Site "IECG email"]
[Date "1999.10.01"]
[Round "?"]
[White "Nasman, Per"]
[Black "Ribeiro, Vitor Manuel"]
[Result "1/2-1/2"]
[WhiteElo "2368"]
[BlackElo "1926"]
[PlyCount "83"]
[EventDate "1999.10.01"]
[EventType "tourn (corr)"]
[EventRounds "6"]
[EventCountry "SWE"]
[SourceTitle "Corr 2008"]
[Source "ChessBase"]
[SourceDate "2008.06.24"]
[SourceVersion "1"]
[SourceVersionDate "2008.06.24"]
[SourceQuality "1"]

1. e4 g6 2. d4 Bg7 3. Nc3 d6 4. f4 Nf6 5. Nf3 0-0 6. Bd3 Na6 7. 0-0 c5 8. d5 Rb8 9. Kh1 Bg4 10. f5 gxf5 11. h3 fxe4 12. Nxe4 Nxe4 13. Bxe4 f5 14. Bd3 Bh5 15. Qe1 Nb4 16. Ng5 Nxd3 17. cxd3 Qd7 18. Ne6 Rf7 19. Qg3 Bg6 20. h4 Be5 21. Bf4 Bxb2 22. h5 Bxa1 23. hxg6 Rg7 24. Rxa1 Rxg6 25. Qh4 Rg4 26. Qh5 Qe8 27. Qxf5 Qg6 28. Qxg6+ Rxg6 29. a4 h6 30. Kg1 Kf7 31. Kf2 Rbg8 32. g3 Rf6 33. Ke3 b6 34. Rh1 Rgg6 35. Ke4 Rg8 36. Rh4 Rfg6 37. Kf5 Rf6+ 38. Ke4 Rfg6 39. Kf3 Rf6 40. Ke4 Rfg6 41. Kf3 Rf6 42. Ke4 1/2-1/2

[Event "IECG WC.2000.S.00005 email"]
[Site "IECG email"]
[Date "1999.??.??"]
[Round "?"]
[White "Hameister, Raik"]
[Black "Nasman, Per"]
[Result "1/2-1/2"]
[WhiteElo "1807"]
[BlackElo "2393"]
[PlyCount "66"]
[EventDate "1999.05.08"]
[EventType "tourn (corr)"]
[EventRounds "10"]
[SourceTitle "Corr 2008"]
[Source "ChessBase"]
[SourceDate "2008.06.24"]
[SourceVersion "1"]
[SourceVersionDate "2008.06.24"]
[SourceQuality "1"]

1. e4 e6 2. d4 d5 3. Nc3 Bb4 4. e5 Ne7 5. a3 Bxc3+ 6. bxc3 b6 7. Nf3 Ba6 8. Bxa6 Nxa6 9. Qd3 Nb8 10. 0-0 Nbc6 11. Bg5 Qd7 12. c4 dxc4 13. Qxc4 Nf5 14. c3 h6 15. Be3 0-0 16. Qe2 Na5 17. Nd2 Rac8 18. Ne4 Rcd8 19. Bf4 Qa4 20. Rfb1 c5 21. dxc5 Nb3 22. Qc2 Nxc5 23. Qxa4 Nxa4 24. Rb4 Nc5 25. Nxc5 bxc5 26. Ra4 Rd7 27. g4 Ne7 28. Be3 Rc8 29. Ra5 c4 30. Rxa7 Rxa7 31. Bxa7 Nc6 32. Be3 Nxe5 33. h3 f5 1/2-1/2

[Event "IECG WC.2000.S.00005 email"]
[Site "IECG email"]
[Date "1999.??.??"]
[Round "?"]
[White "Nasman, Per"]
[Black "Sirota, Anatoli V"]
[Result "0-1"]
[WhiteElo "2393"]
[BlackElo "2500"]
[PlyCount "50"]
[EventDate "1999.05.08"]
[EventType "tourn (corr)"]
[EventRounds "10"]
[SourceTitle "Corr 2008"]
[Source "ChessBase"]
[SourceDate "2008.06.24"]
[SourceVersion "1"]
[SourceVersionDate "2008.06.24"]
[SourceQuality "1"]

1. d4 Nf6 2. c4 g6 3. Nc3 Bg7 4. e4 d6 5. Be2 0-0 6. Bg5 Na6 7. Qd2 e5 8. d5 Qe8 9. Bd3 Nh5 10. Nge2 f5 11. f3 Nc5 12. Bc2 a6 13. b4 Nd7 14. exf5 gxf5 15. g4 Nf4 16. Bxf5 Nb6 17. Bxf4 Bxf5 18. gxf5 exf4 19. Rg1 Kh8 20. Rxg7 Kxg7 21. Qxf4 Qe5 22. c5 Nd7 23. Qxe5+ dxe5 24. Ng3 a5 25. c6 axb4 0-1

[Event "IECG WC.1999.S.00002 email"]
[Site "IECG email"]
[Date "1998.??.??"]
[Round "?"]
[White "Belanoff, Stuart B"]
[Black "Nasman, Per"]
[Result "1/2-1/2"]
[WhiteElo "2173"]
[BlackElo "2395"]
[PlyCount "48"]
[EventDate "1998.06.10"]
[EventType "tourn (corr)"]
[EventRounds "8"]
[SourceTitle "Corr 2008"]
[Source "ChessBase"]
[SourceDate "2008.06.24"]
[SourceVersion "1"]
[SourceVersionDate "2008.06.24"]
[SourceQuality "1"]

1. d4 g6 2. Bg5 Bg7 3. Nf3 c5 4. c3 Qb6 5. Qb3 d5 6. dxc5 Qxc5 7. Na3 Nf6 8. Rd1 e6 9. Qb5+ Nbd7 10. Qxc5 Nxc5 11. Nb5 Ke7 12. Bf4 Ne8 13. g4 Bd7 14. e3 Rc8 15. Nbd4 Na4 16. Rb1 h6 17. Bg2 Nb6 18. Ne2 Bb5 19. h4 Bd3 20. Rd1 Be4 21. 0-0 Nf6 22. Ne5 Bxg2 23. Kxg2 Nfd7 24. Nxd7 Nxd7 1/2-1/2

[Event "IECG WC.1999.S.00002 email"]
[Site "IECG email"]
[Date "1998.??.??"]
[Round "?"]
[White "Nasman, Per"]
[Black "Malmstroem, Jan"]
[Result "1/2-1/2"]
[WhiteElo "2395"]
[BlackElo "2233"]
[PlyCount "101"]
[EventDate "1998.06.10"]
[EventType "tourn (corr)"]
[EventRounds "8"]
[SourceTitle "Corr 2008"]
[Source "ChessBase"]
[SourceDate "2008.06.24"]
[SourceVersion "1"]
[SourceVersionDate "2008.06.24"]
[SourceQuality "1"]

1. e4 e5 2. Nf3 Nc6 3. Bc4 Nf6 4. d4 exd4 5. Ng5 d5 6. exd5 Ne5 7. Qe2 Bb4+ 8. c3 Qe7 9. 0-0 dxc3 10. bxc3 Bg4 11. f3 Nxc4 12. Qxc4 Qc5+ 13. Qxc5 Bxc5+ 14. Kh1 Bh5 15. Re1+ Kd7 16. Nd2 Be7 17. Nb3 Rhe8 18. c4 Rad8 19. Bb2 Bg6 20. Nh3 h6 21. Nf4 Bh7 22. Re2 Kc8 23. c5 b6 24. d6 cxd6 25. cxb6 axb6 26. Bd4 Kb7 27. a4 Ra8 28. a5 Bd8 29. Rb2 g5 30. Nh3 b5 31. Bf2 g4 32. Ng1 Re5 33. Nd4 Rxa5 34. Rxa5 Bxa5 35. Nxb5 Kc6 36. Na7+ Kc7 37. Bh4 Ne8 38. Bg3 Rd5 39. Nb5+ Kd7 40. fxg4 Be4 41. h3 Bd3 42. Na3 Nf6 43. Nf3 Ne4 44. Bf4 Ng5 45. Rb3 Be2 46. Kh2 Bd1 47. Rb5 Nxf3+ 48. gxf3 Bxf3 49. Bxh6 Bc3 50. Rxd5 Bxd5 51. Bf4 1/2-1/2

[Event "Jiri Pelikan mem-B email"]
[Site "Argentina"]
[Date "1997.??.??"]
[Round "?"]
[White "Craig, Tom James"]
[Black "Nasman, Per"]
[Result "1/2-1/2"]
[WhiteElo "2388"]
[BlackElo "2342"]
[PlyCount "41"]
[EventDate "1997.??.??"]
[EventType "tourn (corr)"]
[EventRounds "14"]
[EventCountry "ARG"]
[EventCategory "7"]
[SourceTitle "Corr 2002"]
[Source "ChessBase"]
[SourceDate "2002.05.23"]
[SourceVersion "1"]
[SourceVersionDate "2002.05.23"]
[SourceQuality "1"]

1. d4 d5 2. c4 dxc4 3. Nf3 a6 4. e3 Nf6 5. Bxc4 e6 6. 0-0 c5 7. Bb3 Nbd7 8. e4 Nxe4 9. Re1 c4 10. Bxc4 Nd6 11. Bb3 Be7 12. Nc3 0-0 13. Bf4 b5 14. Qe2 Re8 15. Rad1 Bf8 16. Ne4 Nf6 17. Nxf6+ Qxf6 18. Be5 Qg6 19. d5 exd5 20. Bxd5 Bb7 21. Bxb7 1/2-1/2

[Event "Jiri Pelikan mem-B email"]
[Site "Argentina"]
[Date "1997.??.??"]
[Round "?"]
[White "Hofstetter, Hans Joachim"]
[Black "Nasman, Per"]
[Result "1/2-1/2"]
[WhiteElo "2493"]
[BlackElo "2342"]
[PlyCount "25"]
[EventDate "1997.??.??"]
[EventType "tourn (corr)"]
[EventRounds "14"]
[EventCountry "ARG"]
[EventCategory "7"]
[SourceTitle "Corr 2002"]
[Source "ChessBase"]
[SourceDate "2002.05.23"]
[SourceVersion "1"]
[SourceVersionDate "2002.05.23"]
[SourceQuality "1"]

1. a3 g6 2. g3 Bg7 3. Bg2 d5 4. d3 e5 5. Nf3 Ne7 6. 0-0 0-0 7. e4 Nbc6 8. Nc3 dxe4 9. dxe4 Bg4 10. Bg5 h6 11. Bxe7 Qxe7 12. Nd5 Qd7 13. Ne3 1/2-1/2

[Event "IECG CP.1995.F.00001"]
[Site "IECG email"]
[Date "1997.??.??"]
[Round "?"]
[White "Nasman, Per"]
[Black "Andresen, Joao Henrique"]
[Result "1-0"]
[WhiteElo "2395"]
[BlackElo "2216"]
[PlyCount "53"]
[EventDate "1997.09.01"]
[EventType "tourn (corr)"]
[EventRounds "8"]
[SourceTitle "Corr 2008"]
[Source "ChessBase"]
[SourceDate "2008.06.24"]
[SourceVersion "1"]
[SourceVersionDate "2008.06.24"]
[SourceQuality "1"]

1. e4 e5 2. f4 d5 3. exd5 c6 4. Qe2 cxd5 5. fxe5 Nc6 6. Nf3 Bg4 7. Qf2 Bxf3 8. Qxf3 Qh4+ 9. Kd1 0-0-0 10. g3 Qe7 11. Bh3+ Kb8 12. Re1 Nd4 13. Qf2 Ne6 14. d3 d4 15. Nd2 Qc7 16. Nb3 Bb4 17. Re4 Nh6 18. Nxd4 Nxd4 19. Rxd4 Bc5 20. Rxd8+ Rxd8 21. Qe2 Qc6 22. c3 Qg6 23. d4 Nf5 24. Ke1 Bb6 25. Qg4 Nxd4 26. cxd4 Qd3 27. Bg5 1-0

[Event "Jiri Pelikan mem-B email"]
[Site "Argentina"]
[Date "1997.??.??"]
[Round "?"]
[White "Nasman, Per"]
[Black "Pankratov, Valery P"]
[Result "0-1"]
[WhiteElo "2342"]
[BlackElo "2504"]
[PlyCount "92"]
[EventDate "1997.??.??"]
[EventType "tourn (corr)"]
[EventRounds "14"]
[EventCountry "ARG"]
[EventCategory "7"]
[SourceTitle "Corr 2002"]
[Source "ChessBase"]
[SourceDate "2002.05.23"]
[SourceVersion "1"]
[SourceVersionDate "2002.05.23"]
[SourceQuality "1"]

1. d4 Nf6 2. Nf3 g6 3. g3 Bg7 4. Bg2 0-0 5. 0-0 d6 6. Nc3 d5 7. Re1 Bf5 8. Nh4 Bg4 9. f3 Bc8 10. e4 dxe4 11. fxe4 c5 12. dxc5 Qa5 13. Nd5 Nc6 14. c3 Qxc5+ 15. Be3 Qa5 16. h3 Nd7 17. Nf3 e6 18. Nf4 Nde5 19. Qb3 Nxf3+ 20. Bxf3 Ne5 21. Be2 Bd7 22. a4 Bc6 23. Qc2 Qc7 24. b4 b6 25. Rad1 Qb7 26. Rd4 a6 27. Red1 b5 28. a5 Nc4 29. Bxc4 e5 30. Bd3 exd4 31. cxd4 Rac8 32. Qg2 Qe7 33. d5 Bd7 34. Bc5 Rxc5 35. bxc5 Qxc5+ 36. Kh2 Qa3 37. Qe2 Qxa5 38. e5 Qb6 39. Re1 Rc8 40. e6 Be8 41. Rd1 Qd6 42. Re1 Rc5 43. Qf2 a5 44. Bc2 a4 45. Rf1 Be5 46. Be4 Bxf4 0-1

[Event "Jiri Pelikan mem-B email"]
[Site "Argentina"]
[Date "1997.??.??"]
[Round "?"]
[White "Watson, Joe"]
[Black "Nasman, Per"]
[Result "1/2-1/2"]
[WhiteElo "2445"]
[BlackElo "2342"]
[PlyCount "45"]
[EventDate "1997.??.??"]
[EventType "tourn (corr)"]
[EventRounds "14"]
[EventCountry "ARG"]
[EventCategory "7"]
[SourceTitle "Corr 2002"]
[Source "ChessBase"]
[SourceDate "2002.05.23"]
[SourceVersion "1"]
[SourceVersionDate "2002.05.23"]
[SourceQuality "1"]

1. d4 Nf6 2. c4 e6 3. Nc3 c5 4. d5 exd5 5. cxd5 d6 6. e4 g6 7. f4 Bg7 8. Bb5+ Nfd7 9. a4 a6 10. Be2 0-0 11. Nf3 Nf6 12. 0-0 Bg4 13. e5 dxe5 14. fxe5 Nfd7 15. e6 Bxf3 16. Bxf3 Ne5 17. Qb3 b5 18. axb5 fxe6 19. dxe6 c4 20. Qd1 Nxf3+ 21. Rxf3 Qxd1+ 22. Nxd1 Re8 23. Ne3 1/2-1/2

[Event "IECG CP.1995.S.00009"]
[Site "IECG email"]
[Date "1996.??.??"]
[Round "?"]
[White "Kruszynski, Robert G"]
[Black "Nasman, Per"]
[Result "0-1"]
[WhiteElo "2195"]
[BlackElo "2115"]
[PlyCount "82"]
[EventDate "1996.09.09"]
[EventType "tourn (corr)"]
[EventRounds "6"]
[SourceTitle "Corr 2008"]
[Source "ChessBase"]
[SourceDate "2008.06.24"]
[SourceVersion "1"]
[SourceVersionDate "2008.06.24"]
[SourceQuality "1"]

1. e4 e5 2. Nf3 Nf6 3. Nc3 d6 4. Bc4 Be7 5. d4 exd4 6. Nxd4 0-0 7. 0-0 Nc6 8. Nxc6 bxc6 9. Qe2 Nd7 10. Be3 Bf6 11. f4 Bxc3 12. bxc3 Re8 13. Qf3 Nb6 14. Bd3 c5 15. e5 Be6 16. f5 Bc4 17. Qg3 Bxd3 18. Bh6 g6 19. cxd3 Rxe5 20. Rae1 Rxe1 21. Rxe1 Rb8 22. Qf3 Qh4 23. Qe3 Nd7 24. g3 Qd8 25. Bg5 Qc8 26. d4 cxd4 27. cxd4 Nf8 28. fxg6 hxg6 29. Qf3 Qa6 30. a3 Qa4 31. Rf1 Qxd4+ 32. Be3 Qc4 33. Rc1 Qe6 34. Bxa7 Rb3 35. Qc6 Rb2 36. Rf1 Qe2 37. Rf2 Qb5 38. Qf3 Rb1+ 39. Kg2 f5 40. Bd4 Ne6 41. Bc3 Kf7 0-1

[Event "IECG CP.1995.S.00009"]
[Site "IECG email"]
[Date "1996.??.??"]
[Round "?"]
[White "Nasman, Per"]
[Black "Reilly, Philip"]
[Result "1/2-1/2"]
[WhiteElo "2115"]
[BlackElo "2295"]
[PlyCount "57"]
[EventDate "1996.09.09"]
[EventType "tourn (corr)"]
[EventRounds "6"]
[SourceTitle "Corr 2008"]
[Source "ChessBase"]
[SourceDate "2008.06.24"]
[SourceVersion "1"]
[SourceVersionDate "2008.06.24"]
[SourceQuality "1"]

1. c4 c5 2. Nc3 Nc6 3. Nf3 Nd4 4. Ng1 Nc6 5. Nf3 Nd4 6. Ng1 e5 7. e3 Nc6 8. g3 g6 9. Bg2 Bg7 10. Nge2 Nge7 11. 0-0 0-0 12. d3 d6 13. a3 Be6 14. Rb1 d5 15. cxd5 Nxd5 16. Bd2 Rc8 17. Ne4 b6 18. f4 h6 19. fxe5 Nxe5 20. Nf2 Qd7 21. e4 Nc7 22. Nf4 Rcd8 23. Bc3 Kh7 24. a4 Nc6 25. Rc1 Nd4 26. Nxe6 fxe6 27. Kh1 e5 28. b4 Nce6 29. Bh3 1/2-1/2